000 00953nam a2200301Ia 4500
001 14338
003 IT-RoPAU
008 130308s9999 xx 000 0 und d
040 _aIT-RoPAU
040 _cIT-RoPAU
041 _aFRANCESE
100 _aCompagnon Antoine
100 _gCodice Aut. SPICS: 10239
245 _aSeconde main (La) ou letravail de la citation
245 _bSeconde Main (La) Ou le Travail de la Citation
250 _a1a ed.
260 _aPARIS
260 _bSeuil
260 _c1979 [1° Ed.:1979 - Ed.Ling.Originale:1979]
300 _a"416 p. (prefazione: no ; testo: 416)"
500 _aLavoro della Citazione Citazione in Se Stessa strutture Elementari Preistoria della Citazione Discorso della Teologia Immobilità del testo Citazione Come Atto Forma e Funzione
650 _aSAGGI DI LINGUISTICA
650 _eCodice materia Spics: 3207
942 _cBK
957 _71
999 _c65943
_d65943
999 _bSI
999 _g1